Japanese business concentration and multinationals

Đã lưu trong:
Bibliografiske detaljer
Hovedforfatter: Noguchi, Tasuku
Format: Bog
Sprog:Undetermined
Udgivet: Tokyo Keio Tsushin 1984
Fag:
Tags: Tilføj Tag
Ingen Tags, Vær først til at tagge denne postø!
Thư viện lưu trữ: Trung tâm Học liệu Trường Đại học Cần Thơ
LEADER 00504nam a2200193Ia 4500
001 CTU_97763
008 210402s9999 xx 000 0 und d
082 |a 343.52 
082 |b N778 
100 |a Noguchi, Tasuku 
245 0 |a Japanese business concentration and multinationals 
245 0 |c Tasuku Noguchi 
260 |a Tokyo 
260 |b Keio Tsushin 
260 |c 1984 
650 |a Antitrust law 
650 |z Japan 
904 |i Giang 
980 |a Trung tâm Học liệu Trường Đại học Cần Thơ